00485nam a2200157Ia 4500003000400000008004100004040001600045082001900061100003000080245011600110260004600226300001100272490000500283650002800288650001100316GCL140319s9999 xx 000 0 ara d aGCL / cGCL04a811.009bع ر1 aعبدالعزيز شرف10aالرؤيا الابداعية فى شعر حسن عبد الله القرشى / cعبدالعزيز شرف a[S.N] : bدار المعارف ، c1992 a191 ص a04aالشعر العربى04aنقد